|
|
|
|
| LEADER |
00000ny a22000003n 4500 |
| 005 |
2011061407177.0 |
| 008 |
080716s1999 sp s 000 0 spa c |
| 020 |
|
|
|a 8471304384
|
| 035 |
|
|
|a 720
|
| 040 |
|
|
|a UMA.RE
|d vlex
|
| 080 |
|
|
|a 347(460)
|
| 090 |
|
|
|c 668
|d 668
|
| 245 |
0 |
0 |
|a Comentarios al Cd̤igo Civil y compilaciones forales
|h [Recurso electrn̤ico]
|c dirigidos por Manuel Albaladejo
|
| 256 |
|
|
|a Servicio en ln̕ea
|
| 260 |
|
|
|a Madrid :
|b Revista de Derecho Privado :
|b Editoriales de Derecho Reunidas,
|c D.L. 1999
|
| 300 |
|
|
|a XVI, 525 p. ;
|c 21 cm
|
| 505 |
0 |
|
|t Tomo XVIII, Vol.2, Artc̕ulos 1.344 a 1.410 del Cd̤igo civil /
|r comentados por Jos ̌Luis de los Mozos
|
| 506 |
1 |
|
|a Contenido solo disponible en los productos indicados
|d vLex Global
|d vLex Global (Academic Edition, excluding Law Schools)
|d vLex Global (U.S. Academic Edition, Law Schools)
|d vLex Global (U.S. Academic Edition, excluding Law Schools)
|d vLex Global (Academic Edition, Law Schools)
|
| 650 |
0 |
7 |
|2 Tesauro vLex
|a Civil
|
| 650 |
0 |
7 |
|2 Tesauro vLex
|a Cd̤igo civil
|
| 650 |
0 |
7 |
|2 Tesauro vLex
|a Familia
|
| 650 |
0 |
7 |
|2 Tesauro vLex
|a Sociedad de gananciales
|
| 650 |
0 |
7 |
|2 Tesauro vLex
|a Rǧimen econm̤ico matrimonial
|
| 700 |
1 |
|
|a Albaladejo Garca̕, Manuel,
|e dir
|
| 700 |
1 |
|
|a Mozos, Jos ̌Luis de los,
|e com
|
| 740 |
0 |
|
|a vLex Libros (Servicios en ln̕ea)
|
| 856 |
4 |
0 |
|z Acceso restringido
|u http://vlex.com/source/720
|
| 942 |
|
|
|c BOOK
|
| 999 |
0 |
|
|a Civil Law
|b Madrid
|